La División azul : (Donde Asia empieza) / Teniente General Emilio Esteban-Infantes (Donde Asia empieza) / Teniente General Emilio Esteban-Infantes
Descripción Física:
320 p., [8] f., [11] làm., [13] map. pleg. ; 19'5 cm
Colección:
Colección la epopeya y sus héroes
MARC
| LEADER | 00000nam a2200000Ia 4500 | ||
|---|---|---|---|
| 001 | 1040 | ||
| 008 | 160829s1956 xx 000 0 cat d | ||
| 080 | |a H-1-207 | ||
| 100 | |a Esteban-Infantes, Emilio |9 24501 | ||
| 245 | |a La División azul : |b (Donde Asia empieza) / Teniente General Emilio Esteban-Infantes | ||
| 260 | |a Barcelona : |b Ed. AHR, |c 1956 | ||
| 300 | |a 320 p., [8] f., [11] làm., [13] map. pleg. ; |c 19'5 cm | ||
| 490 | |a Colección la epopeya y sus héroes | ||
| 650 | |a División Azul |x Història |9 31349 | ||
| 651 | 0 | |a Espanya |x Història |y 1936-1939, Guerra Civil |9 55759 | |
| 901 | |a Arxiu | ||
| 942 | |n 1 | ||
| 952 | |0 0 |1 0 |4 0 |6 H1207 |7 1 |9 45832 |a Arxiu |b Arxiu |d 2016-12-01 |l 0 |o H-1-207 |p 1040 |r 2016-12-01 00:00:00 |w 2016-12-01 |y ARXIU | ||
| 999 | |c 49332 |d 49332 | ||